00391nam a2200157Ia 4500003000500000008004100005020001800046040001900064082000700083100001800090245005300108260004200161300001000203365000800213546001200221STCL230729s9999 xx 000 0 und d a9780192802835 aSTCLcSTCLbEN 222 aOkasha, Samir 0aPhilosophy of science: a very short introduction bOxford University PressaOxfordc2002 a144 p b165 aEnglish